Регионална библиотека "Любен Каравелов" - Русе

Как работи щастието (Запис номер 195829)

MARC детайли
000 -Лидер
Контролно поле с фиксирана дължина 02260nam a2200433 c 4500
003 - Код на организацията, давaща контролен номер
Контролно поле BLK
005 - Дата и час на последна редакция
Контролно поле 20250617130544.0
008 - Елементи от данни с фиксирана дължина
fixed length control field 180411b bul|||||r ||||||| ||bul||
010 ## - Наследен системен номер
LC control number KNG00205083000
020 ## - Международен стандартен номер на книга ISBN
Международен стандартен номер на книга ISBN 978-619-7316-11-7
-- издат.: Гнездото
040 ## - Източник на каталожния запис
Идентификатор на билиотеката - собственик на записа BLK
041 ## - Код за език
Код за езика на текст/звукозапис или на отделно заглавие Български
Код за езика КДБФ Български
072 #7 - Код за тематичната категория
Код организация bullib
Код за тематична категория Н15
Текст Психология Н
080 ## - УДК
Текстов определител УДК Особености на духовния живот. Съзнание. Духовно развитие на човека. Диференциална психология. Генетична психология. Еволюционна психология
УДК код - определител по УДК 159.922
УДК определител (02.062)
УДК - код + определител 159.922(02.062)
080 ## - УДК
Текстов определител УДК Развитие на личността. Самосъзнание
УДК код - определител по УДК 159.923.2
УДК определител (02.062)
УДК - код + определител 159.923.2(02.062)
080 ## - УДК
Текстов определител УДК Морална оценка - Ценности на живота, щастието, естетически, социални, морални, религиозни. Репутация. Имидж. Слава. Чест. Награда, наказание
УДК код - определител по УДК 17.022
УДК определител (02.062)
УДК - код + определител 17.022(02.062)
100 1# - Редна дума - Автор
Автор Матюс, Андрю
R(LIN) 94342
139 ## - Редно поле
Редна дума Матюс, Андрю
Авторски знак Мато - М 40
245 10 - Сведения за заглавието
Заглавие Как работи щастието
Редно поле (дума) Андрю Матюс; прев. от англ. Анна Златанова.
257 ## - Страна на издаване
Страна на създаване/издаване Австралия
260 ## - Област на издателските данни
-- София
Име на издателя, разпространителя и проч. Гнездото
Година на издаване 2017
300 ## - Физическа характеристика
Страници 176 с.
Размери/Мащаб 24 см
380 ## - Жанр
Жанр Философия
500 ## - Общи забележки
Забележка Ориг. загл. Being Happy! / Andrew Matthews. - Съдържа и за авт.
650 #4 - Допълнително описание по предмет – тема
Основно описание – тема или топоним Личност - психология - популярна литература
9 (RLIN) 262671
650 #4 - Допълнително описание по предмет – тема
Основно описание – тема или топоним Самоусъвършенстване
9 (RLIN) 170201
650 #4 - Допълнително описание по предмет – тема
Основно описание – тема или топоним Щастие - популярна литература
9 (RLIN) 305170
653 ## - Ключова дума – ненормативна
Ключова дума психология на личността
653 ## - Ключова дума – ненормативна
Ключова дума самоусъвършенстване
653 ## - Ключова дума – ненормативна
Ключова дума щастие
659 ## - Тематичен бюлетин
Тематичен бюлетин Н
700 1# - Други автори (авторска отговорност)
Лично име Златанова, Анна
Автороска отговорност (Описва отношението между автора и произведението) прев. от англ.
9 (RLIN) 347172
852 ## - Местоположение
Форматна сигнатура Цб 285156
856 4# - Електронен адрес и достъп
Електронен формат pdf - файл
Път до файла /url/
856 4# - Електронен адрес и достъп
Електронен формат pdf - файл
Път до файла /url/
942 ## - АРТИКУЛИ
Вид на библиотечния материал Книги
Скрит в OPAC Не
Koha issues (borrowed), all copies 31
944 ## - СЪЗДАВАНЕ И РЕДАКЦИЯ на ЗАПИСА
Създаване/Редакция Създаване
Дата на регистрацията/редакция 18.04.2017
Статус, дата на статуса Цветелина Шанова
Служител, извършил регистрацията/редакцията 30531
944 ## - СЪЗДАВАНЕ И РЕДАКЦИЯ на ЗАПИСА
Създаване/Редакция Редакция
Дата на регистрацията/редакция 16.01.2018
Статус, дата на статуса ф /
Служител, извършил регистрацията/редакцията Пенка_Димитрова
999 ## - СИСТЕМНИ КОНТРОЛНИ НОМЕРА
Koha biblionumber 195829
Koha biblioitemnumber 195829
Наличности
Код за отписване Код за изгубен артикул Източник на класификационната схема Код за повреда Коз за рестрикции Код за отдаване Артикулен № Име на библиотеката - собственик Име на библиотеката, в която се намира в момента Статус (Текущо местоположение) Дата на вписване в системата Местоположение - отдел Цена в лева Инвентарен номер Систематично азбучна сигнатура Баркод Номер на екземпляра Цена в евро Служебна бележка Служебен тип на артикула
  Не е изгубен Universal Decimal Classification Не е повреден без рестрикции заемане за дома 341748 Регионална библиотека "Любен Каравелов" Русе Регионална библиотека "Любен Каравелов" Русе Заемна - подръчен фонд 2017-04-24 Заемна - подръчен фонд 11.62 120000810221 П 159.92/М 40 120000810221 1 5.94 Дост: Pk Вид: Ф N: 821 Дата: 13.04.2017 Книги
  Не е изгубен   Не е повреден без рестрикции ползва се в читалня 341749 Регионална библиотека "Любен Каравелов" Русе Регионална библиотека "Любен Каравелов" Русе Хранилище 2018-01-16 Хранилище 14.90 120000819137 Цб 285156 120000819137 2 7.62 Дост: Dp Вид: Д N: 50 Дата: 22.11.2017 Книги
  Не е изгубен Universal Decimal Classification Не е повреден без рестрикции заемане за дома 751406 Регионална библиотека "Любен Каравелов" Русе Регионална библиотека "Любен Каравелов" Русе Заемна - подръчен фонд 2019-12-09 Заемна - подръчен фонд 11.17   П 159.922.7/М 40 А 120000838202   5.71   Книги
  Не е изгубен Universal Decimal Classification Не е повреден без рестрикции заемане за дома 751739 Регионална библиотека "Любен Каравелов" Русе Регионална библиотека "Любен Каравелов" Русе Заемна - подръчен фонд 2019-12-12 Заемна - подръчен фонд 10.43   П 159.92/М 40 120000839920   5.33   Книги
  Не е изгубен Universal Decimal Classification Не е повреден без рестрикции заемане за дома 751740 Регионална библиотека "Любен Каравелов" Русе Регионална библиотека "Любен Каравелов" Русе Заемна - подръчен фонд 2019-12-12 Заемна - подръчен фонд 10.43   П 159.922.7/М 40 А 120000839921   5.33   Книги
Vip Innovations Ltd, Rousse, Bulgaria 2025